000 00563nam a2200181 a 4500
001 000004633
005 20200929151456.0
008 090724s1991 xxu 000 0 spa d
020 _a0380712520
040 _aDO-SdBNP
_beng
_cBNPHU
082 _axxxx
_bD261d
100 1 _aDavis, Kenneth C.
_913504
245 1 0 _aDont' know much about history :
_bEverything you need to know about american history but never learnerd /
_cKenneth C. Davis.
260 _aNew York :
_bAvon Books,
_c1991.
300 _a462 p. ;
_c21 cm.
500 _aIncluye índice
049 _aBNPD
999 _c4441
_d4441